|
|
|
|
| LEADER |
00000nam0a2200000 4500 |
| 001 |
152144 |
| 005 |
20231031150924.0 |
| 035 |
|
|
|a (RuTPU)RU\TPU\book\164969
|
| 090 |
|
|
|a 152144
|
| 100 |
|
|
|a 20090129d1938 m y0rusy50 ca
|
| 101 |
0 |
|
|a rus
|
| 102 |
|
|
|a RU
|
| 105 |
|
|
|a a z 001zy
|
| 200 |
1 |
|
|a Смолы из многоосновных кислот и многоатомных спиртов
|f А. И. Коган
|
| 210 |
|
|
|a Москва
|c ГОНТИ НКТП
|d 1938
|
| 215 |
|
|
|a 164 с.
|c ил.
|
| 320 |
|
|
|a Библиогр.: с. 143-158.
|
| 320 |
|
|
|a Именной указатель: с. 159-160.
|
| 320 |
|
|
|a Предметный указатель: с. 161-164.
|
| 610 |
1 |
|
|a смолы
|
| 610 |
1 |
|
|a исторический обзор
|
| 610 |
1 |
|
|a эфиры
|
| 610 |
1 |
|
|a исследования
|
| 610 |
1 |
|
|a классификация
|
| 610 |
1 |
|
|a кислоты
|
| 610 |
1 |
|
|a спирты
|
| 610 |
1 |
|
|a катализаторы
|
| 610 |
1 |
|
|a лаки
|
| 610 |
1 |
|
|a краски
|
| 610 |
1 |
|
|a пластмассы
|
| 675 |
|
|
|a 678
|v 3
|
| 700 |
|
1 |
|a Коган
|b А. И.
|
| 801 |
|
1 |
|a RU
|b 63413507
|c 20090129
|g PSBO
|
| 801 |
|
2 |
|a RU
|b 63413507
|c 20160905
|g RCR
|
| 942 |
|
|
|c BK
|